US STATES WITH THE MOST MCDONALDS - Statistics

General Stats
  • This quiz has been taken 50 times
  • The average score is 9 of 10
Answer Stats
Hint Answer % Correct
1,227 California
100%
885 Florida
100%
1,232 Texas
100%
573 New york
95%
618 Ohio
91%
450 Georgia
88%
642 Illinois
88%
476 North Carolina
77%
522 Michigan
74%
476 Pennsylvania
74%
No matching quizzes found
Score Distribution
Percent of People with Each Score
Percentile by Number Answered
Your Score History
You have not taken this quiz